Taylor Swift - Would've, Could've, Should've (Lyrics) - Statistics

General Stats
  • This quiz has been taken 5,263 times
    5,233 since last reset
  • The average score is 429 of 497
Answer Stats
Answer % Correct
I
100%
would've
99%
who
99%
would've
99%
Would've,
99%
you
99%
a
98%
could've
98%
could've,
98%
the
98%
The
98%
should've
97%
If
97%
if
97%
should've
97%
me
96%
me,
96%
my
96%
at
95%
At
95%
was
95%
And
94%
and
94%
first
94%
go
94%
it
94%
never
94%
Never
94%
On
93%
on
93%
to
93%
with
93%
devil
92%
then
92%
danced
91%
nineteen
91%
of
91%
all
90%
that
90%
I'm
89%
us
88%
be
87%
knees
87%
now
87%
pain
87%
do
86%
God
86%
in
86%
stayed
86%
used
86%
grown
85%
grown,
85%
heaven
85%
scared
85%
time
85%
back
84%
damn
84%
feel
84%
ghosts
84%
Give
84%
left
84%
like
84%
this
84%
won't
84%
girlhood,
83%
glance
83%
know,
83%
Looked
83%
looked
83%
mine
83%
regret
83%
sure
83%
your
83%
for
82%
wish
82%
wondering
82%
away
81%
is
81%
Memories
81%
miss
81%
way
81%
where
81%
soul
80%
weapons
80%
close
79%
did
79%
truth
78%
you'd
78%
rest
77%
let
76%
why
76%
honest
75%
hurts
75%
man?
75%
mind
75%
can't
74%
die?
74%
God's
74%
matter
74%
hitting
73%
Living
73%
thrill
73%
child,
72%
fight
72%
Gone
72%
gone
72%
pray
72%
blinked,
71%
chance
71%
glass
71%
hands?
71%
wash
70%
windows
70%
got
69%
promising
69%
sleep
69%
Stained
69%
tomb
69%
Years
69%
death,
68%
out
68%
down
67%
poison,
67%
you're
67%
as
66%
tasted
65%
tearing
65%
wound
65%
But,
64%
keep
64%
made
64%
our
64%
sign
64%
splatter
64%
paint,
63%
banners,
62%
clarity's
62%
important
62%
touched
62%
waiting
62%
faith
61%
Spit
61%
crisis
60%
erase
59%
righteous
59%
tried
58%
about
57%
along
57%
some
57%
I'd
56%
only
56%
they
56%
from
55%
Lord,
55%
whispered
54%
played
53%
saved
52%
boredom
51%
safe
51%
blushed,
41%
No matching quizzes found
Score Distribution
Percent of People with Each Score
Percentile by Number Answered
Your Score History
You have not taken this quiz since the last reset